000 01043nas a2200349 4500
001 BR0600185
003 BR-BrBNA
005 20231205105748.0
007 ta
008 230509b bl.|||p| |||| 00| 00por d
040 _aBR-BrBNA
_bpor
_cBiblioteca Nacional de Agricultura
041 _a(Pt)
072 _aF04; P34
100 1 _aPadovan, M.P.
100 1 _aAlmeida, D.L. de
100 1 _aGuerra, J.G.M.
100 1 _aAlves, B.J.R.
100 1 _aRibeiro, R. de L.D.
100 1 _aOliveira, F.L. de
100 1 _aSantos, L.A.
100 1 _aSouto, S.M.
245 1 _aIndicadores agronômicos do potencial da soja (Cv. Celeste)para fins de adubação verde de verão
650 _aSOJA
650 _aADUBO VERDE
650 _aADUBAÇÃO
650 _aFIXAÇÃO DE NITROGÊNIO
650 _aNODULAÇÃO
650 _aAGRICULTURA ORGÂNICA
773 0 _tPesquisa Agropecuária Gaúcha (Brazil)
_xISSN 0104-9070
_g(2005), v. 11(1-2) p. 47-54
_wBR0600185
909 _a202311
_bLúcia
_c55
_dLúcia Elande
942 _2AGRIS
_n0
_cANA
999 _c184546
_d184546